000 00533nam a22001697a 4500
999 _c62565
_d62565
005 20241209110200.0
008 241209s2014 ru ||||| |||| 00| 0 rus d
020 _a9785170800537x
041 _arus
080 _a159.9 K-19
100 _aКанеман, Д.
_923906
245 _aДумай медленно... решай быстро /
_cДаниэль Канеман.
264 _aМосква :
_bАСТ,
_c2014.
300 _a300 стр.;
_b21 см.
653 _aფსიქოლოგია
942 _2udc
_cᲬᲘᲒᲜᲘ